Statystyki dla Quiz o Somalii

Kliknij tutaj aby rozwiązać quiz!

Ogólne statystyki

  • Ten quiz został rozwiązany 1 123 razy
  • Średni wynik to 9 z 15

Statystyki odpowiedzi

PytanieOdpowiedź% Poprawnych
Jakie są trzy kraje graniczące z Somalią?Etiopia
93%
Jakie są trzy kraje graniczące z Somalią?Kenia
89%
Jakie są trzy kraje graniczące z Somalią?Dżibuti
87%
Jakie państwo europejskie skolonizowało południowe 3/4 Somalii?Włochy
83%
Na jakim półwyspie znajduje się Somalia?
(znany również jako somalijski, ale podaj drugą nazwę)
{Róg} Afryki
79%
Jaka jest stolica Somalii?Mogadiszu
78%
Jakie są dwa oficjalne języki Somalii?arabski
70%
Z dokładnością do liczby całkowitej, jaki procent Somalijczyków nie jest muzułmanami?0%
64%
Jakie są dwa oficjalne języki Somalii?somalijski
60%
Jakie zwierzę pustynne zostało udomowione
w regionie Somalii około 3000 lat p.n.e.?
Wielbłąd
55%
Z jakiej zbrodni zasłynęła Somalia w XXI wieku?
Wskazówka: zaczyna się na P
Piractwo
46%
Jaka zatoka oceaniczna znajduje się między Somalią a Jemenem?Zatoka {Adeńska}
41%
Jaka jest waluta Somalii?Szyling
24%
Jaka supermodelka urodzona w Somalii poślubiła Davida Bowie w 1992 roku?Iman
18%
Jakie starożytne królestwo wokół północnej Somalii
było podstawowym partnerem handlowym starożytnego Egiptu?
Punt
15%

Rozkład punktacji

Percentyl według liczby udzielonych odpowiedzi

Procent ludzi z każdym wynikiem

Twoja historia wyników

Nie rozwiązałeś tego quizu